=LDR 00000nam 2200000 4500 =001 INLIS000000000034440 =005 20130612140340 =008 ***********************************ind** =035 ##$$0010-061300000034440 =041 ##$$a ind =082 ##$$a 551.489 =090 ##$$a 551.489, Pur a =100 ##$$a Purwanto,, Drs., B.Sc =245 ##$$a Awas Banjir/ Drs. Purwanto, B.Sc =260 ##$$a 2008 $b Jakarta =300 ##$$a vi,60 hlm., Ilus., 21 cm =650 ##$$a Banjir =850 ##$$a NBPNMAT =990 ##$$a 73437343 =990 ##$$a 01201807343